Sports Quiz

Random Sports or Baseball Quiz
Score 0/22 Timer 04:00
0 Plays Today
Number of Players Country % Correct
958United States
99.2%
143Dominican Republic
98.4%
25Cuba
96.9%
16Canada
96.1%
12Japan
96.1%
2South Korea
92.9%
97Venezuela
91.3%
11Mexico
89%
3Australia
81.1%
22**Puerto Rico
79.5%
1Netherlands
74%
Number of Players Country % Correct
3Taiwan
73.2%
5Panama
70.1%
5Colombia.
68.5%
3Germany
67.7%
2Brazil
66.1%
3Nicaragua.
52.8%
1Jamaica
48%
5**Curacao
42.5%
1**Aruba
40.9%
1Bahamas
36.2%
1Saudi Arabia
11.8%
Remove Ads.
Support Sporcle.
Get the best of Sporcle when you Go Orange. This ad-free experience offers more features, more stats, and more fun while also helping to support Sporcle. Thank you for becoming a member.

You're not logged in!

Compare scores with friends on all Sporcle quizzes.
OR
Log In

Show Comments

Extras

Top Quizzes Today


Score Distribution

Your Account Isn't Verified!

In order to create a playlist on Sporcle, you need to verify the email address you used during registration. Go to your Sporcle Settings to finish the process.

Report this User

Report this user for behavior that violates our Community Guidelines.

Details: